[Event "Kings Tournament ROMGAZ 2018-B"]
[Site "Bucharest"]
[Date "2018.11.21"]
[Round "6"]
[White "Foisor, Sabina-Francesca"]
[Black "Bulmaga, Irina"]
[Result "0-1"]
[WhiteElo "2264"]
[BlackElo "2386"]
[Annotator "TA"]
[PlyCount "91"]
[EventDate "2018.11.21"]
[EventCountry "ROU"]
[SourceTitle "playchess.com"]
[Source "ChessBase"]
[SourceQuality "1"]

{[%evp 17,91,24,19,15,25,0,18,7,43,37,40,36,37,37,35,11,58,59,110,52,52,55,37,33,37,24,25,20,138,89,129,121,119,110,242,99,86,96,114,117,115,116,123,11,145,123,220,-88,-93,-112,-110,-109,-109,-232,-239,-29982,-43,-2059,-69,-29992,-10442,-29982,-29982,-29982,-29983,-29986,-29987,-29986,-108,-29987,-29987,-29987,-29988,-29990,-29989,-29994]} 1. d4 Nf6 2. Nf3 e6 3. Bf4 b6 4. e3 Bb7 5. Nbd2 g6 (5... Bd6 6. Bg3 O-O 7. Bd3 h6 8. c3 Bxg3 9. hxg3 d6 10. Qe2 Nbd7 11. e4 e5 12. dxe5 dxe5 13. O-O-O {1-0 (27) Le,Q (2737)-Salgado Lopez,I (2644) Riadh 2017}) 6. Bd3 {A47: 1 d4 Nf6 2 Nf3 b6: Torre, London and Colle Systems} Bg7 7. O-O d6 8. h3 Nbd7 9. c3 O-O {LiveBook: 3 Games} 10. e4 e5 11. Be3 h6 12. Re1 Nh5 13. Qc2 a5 $146 ({Predecessor:} 13... Qf6 14. Rad1 {0-1 (45) Marquardt,R (1838)-Szenetra,W (2228) Hamburg 2018}) 14. Nf1 Qe7 15. Rad1 Rfe8 16. d5 Nf4 17. Bb5 Rf8 (17... Ba6 $14 18. Bxa6 Rxa6) 18. Ng3 (18. Qc1 $16) 18... Ba6 $14 19. Bxa6 Rxa6 20. Qd2 Qf6 21. Nh2 h5 22. Ne2 g5 (22... Nxe2+ $1 $11 {keeps the balance.} 23. Qxe2 Raa8) 23. Kh1 Raa8 24. Ng3 Rfe8 25. Nf5 Nf8 {[#]} (25... Qg6 $16) 26. Bxf4 (26. h4 $1 $18 {[%mdl 512] has better winning chances.}) 26... exf4 $16 27. h4 Ng6 28. hxg5 Qxg5 29. Nf3 Qf6 30. Qd4 (30. a4 $16) 30... Ne5 (30... Qxf5 $1 $11 31. exf5 Bxd4) 31. Nxe5 Qxe5 (31... Rxe5 $16 32. Qa4 Rae8) 32. f3 $2 ({Weaker is} 32. Nxg7 Qxg7 33. f3 Re5 $11) ({White should try} 32. Qc4 $18) 32... Qxf5 $1 $17 {[#]} 33. Qxg7+ $1 {[%mdl 512]} Kxg7 34. exf5 {[%mdl 4096] Endgame KRR-KRR} Kf6 35. Re4 {[#]} (35. Kg1 $17 {was called for.}) 35... Rxe4 $1 $19 ({Less strong is} 35... Kxf5 36. Rdd4 $15) 36. Rd4 $2 (36. fxe4 $19 Ke5 37. Kg1) 36... Kg5 $2 (36... Rxd4 37. cxd4 Re8 38. Kg1 Re2 39. Kh2 Rxb2 40. a3 Kxf5 41. Kg1 Ra2 42. Kf1 a4 43. Kg1 Rxa3 44. Kf1 Ra2 45. Kg1 Rb2 46. Kh2 a3 47. Kh3 a2 48. g4+ Kg5 49. gxh5 a1=Q 50. h6 Qh1#) 37. Kg1 $2 {[%mdl 8192]} (37. Rxe4 $15 a4 38. Re7) 37... f6 $2 (37... Rxd4 $19 38. cxd4 Kh4) 38. Rc4 $2 {[%mdl 8192]} (38. Rxe4 $15 a4 39. Re7) 38... Re7 (38... Rxc4 $142 39. Kf2 Kxf5 40. Ke2 Rc5 41. Kd3 Rg8 42. a3 Rxg2 43. b4 axb4 44. axb4 Rxd5+ 45. Kc4 c6 46. Kb3 b5 47. Ka3 Rd3 {[%mdl 64] Double Attack} 48. Kb3 Rxf3 49. Ka3 Rxc3#) 39. a3 h4 40. b4 axb4 41. cxb4 b5 42. Rc3 Re4 $2 (42... Re3 {mates} 43. Rxc7 h3 44. Rg7+ Kxf5 45. Rg4 hxg2 46. Kf2 {[#]} Rxf3+ $1 {[%mdl 512]} 47. Kxf3 Rxa3+ 48. Kxg2 Kxg4 49. Kf2 Ra2+ 50. Ke1 f3 51. Kf1 Kg3 52. Ke1 Kg2 53. Kd1 f2 54. Kc1 f1=Q#) 43. Rxc7 $2 {[%mdl 8192]} (43. fxe4 $17 Re8 44. Rxc7) 43... Rd4 {Black mates.} 44. Rg7+ Kxf5 45. Kf2 Rxa3 46. Kf1 {Accuracy: White = 34%, Black = 43%.} 0-1

[Event "Kings Tournament ROMGAZ 2018-B"]
[Site "Bucharest"]
[Date "2018.11.21"]
[Round "7"]
[White "Parligras, Mircea-Emilian"]
[Black "Istratescu, Andrei"]
[Result "0-1"]
[WhiteElo "2645"]
[BlackElo "2565"]
[Annotator "TA"]
[PlyCount "86"]
[EventDate "2018.11.21"]
[EventCountry "ROU"]
[SourceTitle "playchess.com"]
[Source "ChessBase"]
[SourceQuality "1"]

{[%evp 14,86,70,58,72,52,73,76,87,80,89,62,70,52,51,52,60,60,60,50,60,0,14,0,6,0,25,-5,-5,-83,-73,-145,-73,-129,-56,-172,-178,-350,-282,-533,-520,-573,-423,-396,-358,-594,-609,-767,-725,-2302,-2287,-1736,-1737,-29971,-29973,-29975,-29975,-29988,-29987,-29987,-29988,-29988,-29989,-29989,-29990,-29989,-29990,-29990,-29991,-29991,-29990,-29990,-29985,-29989,-29990]} 1. d4 g6 2. e4 Bg7 3. c4 Nc6 4. Nf3 d6 5. d5 Ne5 6. Nxe5 Bxe5 7. Nc3 Bg7 8. Bd3 {LiveBook: 5 Games. A41: 1 d4 d6: Tartakower System and Modern Defence} (8. Be2 e5 9. O-O Nf6 10. Be3 Qe7 11. b4 h5 12. Bg5 Bh6 13. Bxh6 Rxh6 14. Qd2 Rh8 15. Rac1 Kf8 {1-0 (40) Jovanic,O (2512)-Medak,B (2367) Biograd 2018}) 8... e5 9. Be3 Nf6 10. f3 {White is better.} Nd7 $146 ({Predecessor:} 10... a6 11. O-O O-O 12. c5 Ne8 13. cxd6 cxd6 14. Na4 f5 15. Qb3 fxe4 16. fxe4 Rxf1+ 17. Rxf1 {1-0 (43) Woellermann,J (2384)-Gebhardt,U (2080) Schwaebisch Gmuend 2017}) 11. Qd2 a5 12. g4 {[%cal Bg2g4,Bg4g5][%mdl 32]} (12. Bc2 {with more complications.} h5 13. O-O b6 14. Ba4 O-O 15. Bc6) 12... Nc5 13. O-O-O Nxd3+ 14. Qxd3 b6 15. h4 h5 16. g5 $1 Bd7 17. a4 (17. Nb5 $14) 17... O-O 18. Kb1 Kh7 19. Rhg1 f5 20. gxf6 Bxf6 21. Bg5 (21. Rg2 $11 {remains equal.}) 21... Bxg5 $17 22. Rxg5 (22. hxg5 $142 Rf4 23. b3) 22... Rf6 ({Better is} 22... Qf6 23. Rdg1 Qxf3 24. Qxf3 Rxf3 25. Rxg6 Bg4) 23. Rdg1 (23. Nb5 $142) 23... Qe8 (23... Qe7 $17 24. R5g3 Rg8) 24. b3 {[#]} ({White should play} 24. Qe2 $15) 24... Qf7 $1 $19 25. Qe2 $2 (25. R5g3 {was forced.}) 25... Rf8 26. Nd1 $2 (26. Qd2) 26... Rxf3 27. Rxg6 Qxg6 28. Rxg6 Kxg6 29. Ne3 $2 {[#]} (29. Ka2 {was called for.}) 29... Bg4 30. Qe1 R8f4 31. Qg1 Rxe4 32. Nxg4 hxg4 {[%mdl 4096] Endgame KQ-KRR} 33. h5+ Kxh5 {Black mates.} 34. Qh1+ Kg5 35. Qh8 Re2 {[%cal Rf3f1]} 36. Qg7+ Kf4 {[%cal Rf3f1]} 37. Qh6+ Ke4 38. Qh7+ Kd4 {[%cal Rf3f1]} 39. Qh1 Rxb3+ 40. Ka1 Rbe3 41. Qd1+ Kxc4 42. Qc1+ Kxd5 43. Qd1+ Ke6 {Precision: White = 19%, Black = 58%.} 0-1

[Event "Kings Tournament ROMGAZ 2018-B"]
[Site "Bucharest"]
[Date "2018.11.21"]
[Round "7"]
[White "Iordachescu, Viorel"]
[Black "Nisipeanu, Liviu-Dieter"]
[Result "1-0"]
[WhiteElo "2597"]
[BlackElo "2674"]
[Annotator "TA"]
[PlyCount "84"]
[EventDate "2018.11.21"]
[EventCountry "ROU"]
[SourceTitle "playchess.com"]
[Source "ChessBase"]
[SourceQuality "1"]

{[%evp 16,84,4,4,7,0,3,6,8,6,22,16,12,9,63,59,73,70,136,128,135,46,38,28,56,-28,53,-2,-10,-37,-13,-59,38,0,-11,-25,-4,-50,-13,-8,-7,-239,-225,-564,0,-250,-254,-252,-235,-250,-177,-217,0,-127,0,-89,-30,-43,0,0,5631,866,824,811,1029,771,1022,987,1030,990,5152]} 1. d4 Nf6 2. Bf4 d5 3. e3 c5 4. c3 Nc6 5. Nd2 Bf5 6. Ngf3 e6 7. Qb3 {D00: 1 d4 d5: Unusual lines} Qc8 8. Nh4 (8. Be2 Be7 9. O-O O-O 10. h3 h6 11. Rfe1 c4 12. Qd1 b5 {1-0 (66) Grachev,B (2626)-Najer,E (2663) Moscow 2018}) 8... c4 9. Qd1 {LiveBook: 3 Games. The position is equal.} Be7 10. Be2 O-O 11. Nxf5 $146 ({Predecessor:} 11. h3 b5 12. g4 Be4 13. f3 Nh5 14. Ng2 Nxf4 15. Nxf4 {½-½ (31) Vasilevich,T (2365)-Kashlinskaya,A (2438) Sochi 2017}) 11... exf5 12. h3 b5 13. g4 b4 14. Qc2 bxc3 ({Don't play} 14... fxg4 15. hxg4 g6 16. g5 $14) (14... a5 $1 $11) 15. bxc3 $14 Ne4 16. gxf5 Qxf5 (16... Bd6 $14) 17. Nxe4 $16 dxe4 18. Bxc4 (18. Rb1 $16) 18... Rac8 $14 19. Kf1 Bh4 20. Qe2 (20. Rb1 $14) 20... Na5 (20... Ne7 $1 $11) 21. Ba6 (21. Qg4 $14 Qxg4 22. hxg4) 21... Rxc3 $11 22. Qg4 Qf6 23. Be2 Nc4 ({Black should play} 23... Nc6 $15 24. Rg1 Nb4) 24. Bxc4 Rxc4 25. Rh2 Rc2 26. Rg2 Rfc8 {And now ...Rc1+ would win.} 27. Kg1 g6 $36 {[%mdl 2048] Black is pushing.} 28. Kh2 $2 (28. Kh1 $11 {and White has nothing to worry.}) 28... Bxf2 $19 29. Rf1 $2 {[#]} (29. Kh1 {is a better chance.} h5 30. Qg5 Qxg5 31. Bxg5) 29... h5 $2 (29... Bxe3 $1 $19 {[%mdl 512]} 30. Bc7 (30. Bxe3 Qxf1) 30... Rxg2+ 31. Kxg2 Qa6) 30. Qxc8+ $2 (30. Qd1 $1 $11 Qh4 31. d5 Rxa2 32. d6) 30... Rxc8 31. Rfxf2 Qe6 32. Be5 f5 33. Rb2 Re8 $2 ({Black should try} 33... Qa6 $19 34. d5 h4) 34. Bf4 {[#]} (34. Rb7 $11 {remains equal.} Kf8 35. Bg7+ Kg8 36. Be5) 34... Re7 (34... Qa6 $1 $17 {Threatens to win with ...Kf7.} 35. Rbc2 Kf7 36. Rc7+ Re7) 35. Rgc2 (35. Rb8+ $11 Kf7 36. Rh8) 35... Kh7 ({Better is} 35... Kg7 $17 36. Rb8 Qd5) 36. h4 $11 Qd5 37. Kg3 Rb7 $2 {[%mdl 8192]} (37... Qa5 $11 38. Kf2 Kg7) 38. Rc5 (38. Rxb7+ $142 Qxb7 39. Rc7+ Qxc7 40. Bxc7) 38... Rxb2 $18 39. Rxd5 Rxa2 40. Rd7+ Kg8 41. Be5 Re2 42. Kf4 Rf2+ {Precision: White = 23%, Black = 24%.} 1-0

[Event "Kings Tournament ROMGAZ 2018-B"]
[Site "Bucharest"]
[Date "2018.11.21"]
[Round "7"]
[White "Bulmaga, Irina"]
[Black "Paulet, Iozefina"]
[Result "1-0"]
[WhiteElo "2386"]
[BlackElo "2281"]
[Annotator "TA"]
[PlyCount "47"]
[EventDate "2018.11.21"]
[EventCountry "ROU"]
[SourceTitle "playchess.com"]
[Source "ChessBase"]
[SourceQuality "1"]

{[%evp 10,47,17,11,364,-5,434,38,389,-7,412,-86,-78,-122,-50,-216,-79,-225,397,362,475,406,606,226,478,290,422,286,409,-495,2033,-730,29985,0,29994,-475,29989,875,29997,1264]} 1. e4 e6 2. d4 d5 3. Nc3 Nf6 4. Bg5 dxe4 5. Nxe4 Be7 6. Bxf6 {LiveBook: 2827 Games. C13: French: Classical System: 4 Bg5 Be7, Alekhine-Chatard Attack} O-O $146 {[%mdl 8192]} (6... Bxf6 $11 7. Nf3 Be7) ({Predecessor:} 6... gxf6 7. Nf3 f5 8. Nc3 a6 9. Qd2 b5 10. O-O-O b4 11. Na4 Qd5 12. b3 Bd7 13. Bc4 Qd6 14. d5 e5 15. Rhe1 e4 16. Nd4 {1-0 (40) Carlsen,M (2832)-Grischuk,A (2750) chess.com INT 2017}) 7. Qd2 $2 (7. Bxe7 $18 Qxe7 8. Nf3) 7... c5 $2 {[%mdl 8192]} (7... Bxf6 $11 {and Black is okay.} 8. Nf3 Nd7) 8. O-O-O $2 ({White should try} 8. Bxe7 $18 Qxe7 9. dxc5) 8... cxd4 $2 {[%mdl 8192]} (8... Bxf6 $14 9. dxc5 Qxd2+ 10. Rxd2 Be7) 9. Kb1 $2 ({White should play} 9. Bxe7 $18 Qxe7 10. Qxd4) 9... a6 $2 {[%mdl 8192]} (9... Bxf6 $11 10. Nxf6+ Qxf6) 10. Qe2 $2 (10. Bxe7 $18 Qxe7 11. Qxd4) 10... Bxf6 $17 11. h4 Bd7 (11... e5 $17 12. Nf3 Qd5) 12. c3 $2 (12. Nf3 $15) 12... Bc6 (12... dxc3 $19 {and Black stays clearly on top.} 13. Nxc3 Bxc3 14. bxc3 Qa5) 13. Ng5 (13. Nf3 $17 {was necessary.}) 13... Be4+ $4 {[%mdl 8192]} (13... Qa5 $19 14. Qd3 g6 15. cxd4 Bd5) 14. Nxe4 h6 15. a3 Qa5 (15... Be7 $142 16. Nf3 Nc6 17. Nxd4 Nxd4) 16. Rd2 $2 (16. Nxf6+ gxf6 17. Qg4+ Kh8 18. Qxd4 Qf5+ 19. Bd3) 16... Qd8 $2 (16... dxc3 17. Nxf6+ (17. Nxc3 Bxc3 18. bxc3 Qxa3 $16) (17. bxc3 Be7 $16) 17... gxf6 18. Qg4+ Kh7) 17. Qd3 g6 (17... dxc3 $142 18. Qxd8 Bxd8) 18. Ka2 Kg7 (18... dxc3 {was called for.} 19. Qxd8 Bxd8) 19. Qxd4 $4 {[%mdl 8192]} (19. cxd4 $18 Qd5+ 20. Kb1) 19... Kh7 $4 {[%mdl 8192]} (19... Bxd4 $19 20. Rxd4 Qe7) 20. c4 $4 {[%mdl 8192]} (20. Nxf6+ $18 Kh8 21. Qf4 Qxd2 22. Qxd2) 20... g5 $4 {[%mdl 8192] [#]} (20... Qxd4 $2 21. Rxd4 Bxd4 22. Nf3 $19) (20... Bxd4 $19 21. b4 Nc6) 21. hxg5 $2 (21. Nxf6+ {mates} Kh8 22. Qxd8 Rxd8 23. Rxd8+ Kg7 24. Nh5+ Kg6 25. Rg8+ Kf5 26. Bd3+ Ke5 27. Rd8 Nd7 28. Rxd7 g4 29. f4+ gxf3 30. Nxf3#) 21... Kg6 $2 {[%mdl 8192]} (21... Bxd4 $11 22. Rxh6+ Kg7) 22. Kb3 $4 {[%mdl 8192]} (22. Rxh6+ {and life is good for White.} Kg7 23. gxf6+ Kxh6 24. Qe3+ Kh7 25. Qg5 Qxf6 26. Nxf6+ Kh8 27. Qh6#) 22... e5 $4 {[%mdl 8192]} (22... Bxd4 $19 23. Nf3 Nc6 24. Rxh6+ Kg7) 23. Qxd8 (23. Rxh6+ $142 Kg7 24. gxf6+ Qxf6 {[#]} 25. Rh7+ $1 {[%mdl 512]} Kg6 26. Qe3 Qb6+ 27. Qxb6+ Kxh7 28. Qxb7) 23... b5 24. Qd7 {Precision: White =  2%, Black =  1%.} (24. Qxf6+ $142 Kh7 25. Rxh6+ Kg8 26. Rh8#) 1-0

[Event "Kings Tournament ROMGAZ 2018-B"]
[Site "Bucharest"]
[Date "2018.11.21"]
[Round "7"]
[White "Foisor, Sabina-Francesca"]
[Black "L'Ami, Alina"]
[Result "0-1"]
[WhiteElo "2264"]
[BlackElo "2285"]
[Annotator "TA"]
[PlyCount "91"]
[EventDate "2018.11.21"]
[EventCountry "ROU"]
[SourceTitle "playchess.com"]
[Source "ChessBase"]
[SourceQuality "1"]

{[%evp 17,91,35,34,36,35,0,26,19,49,39,40,30,35,28,31,14,71,63,86,47,55,40,47,40,37,20,25,27,115,64,112,102,139,114,216,96,97,97,111,106,112,119,125,0,135,135,227,-86,-99,-113,-113,-113,-113,-243,-239,-29982,-33,-1914,-63,-29990,-6758,-29980,-29980,-29983,-29984,-29987,-29986,-29985,-93,-29987,-29987,-29987,-29988,-29990,-29990,-29994]} 1. d4 Nf6 2. Nf3 e6 3. Bf4 b6 4. e3 Bb7 5. Nbd2 g6 (5... Bd6 6. Bg3 O-O 7. Bd3 h6 8. c3 Bxg3 9. hxg3 d6 10. Qe2 Nbd7 11. e4 e5 12. dxe5 dxe5 13. O-O-O {1-0 (27) Le,Q (2737)-Salgado Lopez,I (2644) Riadh 2017}) 6. Bd3 {A47: 1 d4 Nf6 2 Nf3 b6: Torre, London and Colle Systems} Bg7 7. O-O d6 8. h3 Nbd7 9. c3 O-O {LiveBook: 3 Games} 10. e4 e5 11. Be3 h6 12. Re1 Nh5 13. Qc2 a5 $146 ({Predecessor:} 13... Qf6 14. Rad1 {0-1 (45) Marquardt,R (1838)-Szenetra,W (2228) Hamburg 2018}) 14. Nf1 Qe7 15. Rad1 Rfe8 16. d5 Nf4 (16... c6 $11 {keeps the balance.}) 17. Bb5 $16 Rf8 18. Ng3 Ba6 19. Bxa6 Rxa6 20. Qd2 Qf6 21. Nh2 h5 22. Ne2 g5 (22... Nxe2+ $1 $11 23. Qxe2 Raa8) 23. Kh1 (23. Ng3 $16) 23... Raa8 24. Ng3 Rfe8 25. Nf5 Nf8 {[#]} (25... Qg6 $16 {keeps fighting.}) 26. Bxf4 (26. h4 $1 $18 {[%mdl 512] has better winning chances.}) 26... exf4 27. h4 Ng6 28. hxg5 Qxg5 29. Nf3 Qf6 30. Qd4 (30. Kg1 $16) 30... Ne5 (30... Qxf5 $1 $11 {remains equal.} 31. exf5 Bxd4) 31. Nxe5 Qxe5 (31... Rxe5 $16 32. Qd3 Kh7) 32. f3 $2 ({Weaker is} 32. Nxg7 Qxg7 33. f3 Re5 $11) ({White should try} 32. Qc4 $18) 32... Qxf5 $1 $17 {[#]} 33. Qxg7+ $1 {[%mdl 512]} Kxg7 34. exf5 {[%mdl 4096] Endgame KRR-KRR} Kf6 35. Re4 {[#]} (35. Kg1 $17) 35... Rxe4 $1 $19 ({Less strong is} 35... Kxf5 36. Rdd4 $17) 36. Rd4 $2 (36. fxe4 $19 Ke5 37. Kg1) 36... Kg5 $2 (36... Rxd4 37. cxd4 Re8 38. Kh2 Re2 39. a3 Rxb2 40. a4 Kg5 41. Kg1 Kh4 42. f6 Kg3 43. Kf1 h4 44. Ke1 Rxg2 45. Kd1 h3 46. Ke1 h2 47. Kf1 h1=Q#) 37. Kg1 $2 {[%mdl 8192]} (37. Rxe4 $15 a4 38. Rc4) 37... f6 $2 (37... Rxd4 $19 38. cxd4 Kxf5) 38. Rc4 $2 {[%mdl 8192]} (38. Rxe4 $15 a4 39. Re7) 38... Re7 (38... Rxc4 $142 39. Kf1 Kxf5 40. Ke2 Rg8 41. Kd3 {[#]} Rxg2 $1 {[%mdl 512]} 42. b3 Rc5 43. a4 h4 44. c4 h3 45. Kd4 h2 46. b4 h1=Q 47. bxa5 Qf1 48. axb6 Rxc4#) 39. a3 h4 40. b4 axb4 41. cxb4 b5 42. Rc3 Re4 $2 (42... Re1+ {mates} 43. Kf2 Ra1 44. Rxc7 R8xa3 45. Rg7+ Kxf5 46. Re7 R3a2+ 47. Re2 Rxe2+ 48. Kxe2 Ke5 49. Kd3 Ra2 50. Kc3 Rxg2 51. Kb3 h3 52. Ka3 h2 53. Kb3 h1=Q 54. Kc3 Qc1+ 55. Kd3 Qe3#) 43. Rxc7 $2 {[%mdl 8192]} (43. fxe4 $17 Re8 44. Rxc7) 43... Rd4 {Black mates.} 44. Rg7+ Kxf5 45. Kf2 Rxa3 46. Kf1 {Accuracy: White = 32%, Black = 37%.} 0-1

[Event "Kings Tournament ROMGAZ 2018-B"]
[Site "Bucharest"]
[Date "2018.11.21"]
[Round "8"]
[White "Parligras, Mircea-Emilian"]
[Black "Iordachescu, Viorel"]
[Result "1-0"]
[WhiteElo "2645"]
[BlackElo "2597"]
[Annotator "TA"]
[PlyCount "53"]
[EventDate "2018.11.21"]
[EventCountry "ROU"]
[SourceTitle "playchess.com"]
[Source "ChessBase"]
[SourceQuality "1"]

{[%evp 11,53,28,35,33,66,72,58,58,86,11,71,-30,112,97,100,109,103,114,135,137,151,138,187,118,107,101,230,237,236,230,230,203,195,194,214,202,293,288,329,266,417,250,1012,994]} 1. d4 g6 2. e4 Bg7 3. c4 d6 4. Nc3 Nd7 5. Be3 e5 6. Nge2 Ne7 7. h4 {A42: Modern Defence: Averbakh Variation} f5 8. exf5 $146 ({Predecessor:} 8. f3 O-O 9. Qd2 f4 10. Bf2 a6 11. d5 Nf6 12. c5 dxc5 13. Bxc5 b6 14. Ba3 Ne8 {1-0 (50) Illingworth,M (2494)-Guichard,P (2269) Cammeray 2018}) 8... Nxf5 9. Bg5 {White is slightly better.} Bf6 {[%cal Re5d4]} 10. Ne4 (10. dxe5 $16 Nxe5 11. Ne4) 10... exd4 (10... h6 $11 {remains equal.} 11. dxe5 hxg5 12. exf6 Rxh4 13. Rxh4 (13. Nxg5 $2 Rxh1 14. f7+ Ke7 $19) 13... gxh4) 11. Nxd4 ({Better is} 11. Nxf6+ $16 Nxf6 12. g4 (12. Nxd4 Qe7+ 13. Be2 Qe5 $11)) 11... O-O (11... Bxg5 $11 12. Nxg5 Qe7+ 13. Be2 Ne5) 12. Nxf5 $16 gxf5 13. Nxf6+ Nxf6 14. Be2 Qe8 15. O-O Qg6 16. Bf3 Ne4 17. Bf4 ({White should play} 17. Be7 $18) 17... Be6 18. b3 Rae8 (18... Qf6 $16) 19. Bh5 $18 {[%mdl 64] [#] Skewer} Qf6 20. Bxe8 Rxe8 21. Qh5 Bf7 22. Qh6 Qh8 {[#] White must now prevent ...Re6.} 23. Be3 Re6 (23... Qe5 {keeps fighting.} 24. Rfe1 (24. Bxa7 b6 $14) 24... Re6) 24. Qf4 Qf6 25. Rad1 ({But not} 25. Bxa7 Nc3 $18) 25... Bh5 (25... Qg6 $142 26. f3 Ng3) 26. Rd5 (26. f3 $142) 26... Re5 $2 (26... Nc3 27. Qxf5 Nxd5 28. Qxd5 (28. Qxh5 Nxe3 29. fxe3 Qe7 $16) 28... Be2) 27. Bd4 {[%mdl 64] Skewer. Accuracy: White = 48%, Black =  8%.} 1-0

[Event "Kings Tournament ROMGAZ 2018-B"]
[Site "Bucharest"]
[Date "2018.11.21"]
[Round "8"]
[White "Istratescu, Andrei"]
[Black "Nisipeanu, Liviu-Dieter"]
[Result "1/2-1/2"]
[WhiteElo "2565"]
[BlackElo "2674"]
[Annotator "TA"]
[PlyCount "60"]
[EventDate "2018.11.21"]
[EventCountry "ROU"]
[SourceTitle "playchess.com"]
[Source "ChessBase"]
[SourceQuality "1"]

{[%evp 16,60,18,14,18,16,24,-10,0,-6,7,0,0,0,2,0,0,-19,5,3,17,7,14,18,14,0,0,0,0,0,0,-8,0,0,0,0,0,0,0,0,0,0,0,0,0,0,0]} 1. d4 d5 2. c4 e6 3. Nc3 Nf6 4. cxd5 exd5 5. Bg5 Be7 6. e3 O-O 7. Bd3 h6 8. Bh4 Re8 9. Nge2 {LiveBook: 8 Games. D35: Queen's Gambit Declined: Exchange Variation} b6 10. Qc2 (10. O-O Bb7 11. Bg3 a6 12. Qb3 Nbd7 13. Nf4 Bd6 14. Nfxd5 Nxd5 15. Nxd5 Bxg3 16. fxg3 Nc5 {½-½ (36) Gelfand,B (2703)-Nisipeanu,L (2661) Batumi 2018}) 10... Bb7 11. Bxf6 {White has an edge.} Bxf6 {The position is equal.} 12. b4 $146 ({Predecessor:} 12. O-O Na6 13. a3 c5 14. Rad1 Nc7 15. Qd2 cxd4 16. exd4 Ne6 {1-0 (39) Zidar,U-Mueller,C Wallertheim 1994}) 12... Nd7 13. Rb1 c6 14. O-O a5 15. bxa5 Rxa5 16. a4 c5 17. Bb5 cxd4 18. Nxd4 Bxd4 19. exd4 Re6 20. Bxd7 Qxd7 21. Rfe1 Rxe1+ 22. Rxe1 Ra8 23. Qb3 Qc6 24. h3 Re8 25. Rxe8+ (25. Rb1 {seems wilder.} Re6 26. Rc1 Qc7 27. Rb1 Qf4 28. Rd1) 25... Qxe8 26. Qxb6 Qe1+ {[%mdl 64] [#] Double Attack} 27. Kh2 Qxc3 28. Qxb7 Qxd4 {[%mdl 64] Double Attack} 29. Qc8+ Kh7 30. Qf5+ Kg8 {Accuracy: White = 58%, Black = 65%.} 1/2-1/2

[Event "Kings Tournament ROMGAZ 2018-B"]
[Site "Bucharest"]
[Date "2018.11.21"]
[Round "8"]
[White "Bulmaga, Irina"]
[Black "Foisor, Sabina-Francesca"]
[Result "1-0"]
[WhiteElo "2386"]
[BlackElo "2264"]
[Annotator "ChessBase"]
[PlyCount "99"]
[EventDate "2018.11.21"]
[EventCountry "ROU"]
[SourceTitle "playchess.com"]
[Source "ChessBase"]
[SourceQuality "1"]
[TimeControl "180+2"]

1. e4 {[%emt 0:00:00]} c6 {[%emt 0:00:00]} 2. d4 d5 3. e5 {[%emt 0:00:01]} Bf5 {[%emt 0:00:00]} 4. Nf3 {[%emt 0:00:01]} e6 {[%emt 0:00:00]} 5. Be2 {[%emt 0:00:01]} h6 {[%emt 0:00:01]} 6. O-O {[%emt 0:00:01]} Nd7 {[%emt 0:00:01]} 7. Nbd2 {[%emt 0:00:02]} Qc7 {[%emt 0:00:01]} 8. c3 {[%emt 0:00:01]} Ne7 {[%emt 0:00:01]} 9. Ne1 {[%emt 0:00:03]} g5 {[%emt 0:00:06]} 10. Nb3 {[%emt 0:00:05]} Bg7 {[%emt 0:00:03]} 11. f4 {[%emt 0:00:02]} c5 {[%emt 0:00:10]} 12. Be3 {[%emt 0:00:07]} c4 {[%emt 0:00:12]} 13. Nd2 {[%emt 0:00:03]} Rc8 {[%emt 0:00:05]} 14. fxg5 {[%emt 0:00:26]} hxg5 {[%emt 0:00:21]} 15. h3 {[%emt 0:00:18]} f6 {[%emt 0:00:12]} 16. exf6 {[%emt 0:00:14]} Bxf6 {[%emt 0:00:01]} 17. Bg4 {[%emt 0:00:11]} Qg3 {[%emt 0:00:45]} 18. Qf3 {[%emt 0:00:22]} Qxf3 {[%emt 0:00:08]} 19. Nexf3 {[%emt 0:00:06]} Bxg4 {[%emt 0:00:15]} 20. hxg4 {[%emt 0:00:01]} Rg8 {[%emt 0:00:00]} 21. Rae1 {[%emt 0:00:01]} Rc6 {[%emt 0:00:06]} 22. Rf2 {[%emt 0:00:10]} Ra6 {[%emt 0:00:01]} 23. a3 {[%emt 0:00:01]} Rb6 {[%emt 0:00:00]} 24. Nf1 {[%emt 0:00:02]} Kd8 {[%emt 0:00:12]} 25. Ng3 {[%emt 0:00:02]} Nc8 {[%emt 0:00:20]} 26. Nh5 {[%emt 0:01:31]} Be7 27. Bc1 {[%emt 0:00:00]} Nf6 {[%emt 0:00:10]} 28. Nxf6 Bxf6 {[%emt 0:00:00]} 29. Ne5 {[%emt 0:00:00]} Bxe5 {[%emt 0:00:15]} 30. Rxe5 {[%emt 0:00:00]} Ne7 {[%emt 0:00:01]} 31. Bxg5 {[%emt 0:00:00]} Ke8 {[%emt 0:00:05]} 32. Rfe2 {[%emt 0:00:00]} Rg6 {[%emt 0:00:02]} 33. Kf2 {[%emt 0:00:00]} Kf7 {[%emt 0:00:03]} 34. Bxe7 Kxe7 {[%emt 0:00:01]} 35. g5 {[%emt 0:00:00]} Rd6 {[%emt 0:00:08]} 36. Kf3 {[%emt 0:00:00]} Rd8 {[%emt 0:00:00]} 37. Kg4 {[%emt 0:00:00]} Kd6 {[%emt 0:00:04]} 38. Rf2 {[%emt 0:00:00]} Rdg8 {[%emt 0:00:04]} 39. Kh5 {[%emt 0:00:00]} R6g7 {[%emt 0:00:02]} 40. Rf6 {[%emt 0:00:00]} Rh7+ {[%emt 0:00:08]} 41. Rh6 {[%emt 0:00:00]} Re7 {[%emt 0:00:03]} 42. g6 {[%emt 0:00:00]} Reg7 {[%emt 0:00:01]} 43. g4 {[%emt 0:00:00]} Ke7 {[%emt 0:00:03]} 44. Rh7 {[%emt 0:00:03]} Kf6 {[%emt 0:00:05]} 45. g5+ {[%emt 0:00:02]} Ke7 {[%emt 0:00:01]} 46. Kh6 {[%emt 0:00:35]} Kf8 47. Rxg7 {[%emt 0:00:00]} Rxg7 {[%emt 0:00:00]} 48. Rxe6 {[%emt 0:00:00]} Rg8 {[%emt 0:00:02]} 49. Rf6+ {[%c lk 0:00:26]} Ke7 {[%emt 0:00:05]} 50. Kh7 {[%emt 0:00:00]} 1-0